Rainbow High Characters by Color - Statistics

General Stats
  • This quiz has been taken 183 times
    145 since last reset
  • The average score is 11 of 29
Answer Stats
Color Character % Correct
Pink Bella Parker
80%
Fuschia Stella Monroe
76%
Red Ruby Anderson
58%
Yellow Sunny Madison
55%
Orange Poppy Rowan
53%
Purple Violet Willow
47%
Green Jade Hunter
46%
Sunrise Simone Summers
45%
Bubblegum Pink Brianna Dulce
43%
Peach Georgia Bloom
43%
Mint Daphne Minton
41%
Rainbow Amaya Raine
39%
Rose Daria Roselyn
36%
Neon Green Karma Nichols
36%
Robin's Egg Blue Robin Sterling
36%
Ice Gabriella Icely
34%
Teal River Kendall
33%
Blue Skyler Bradshaw
32%
Indigo Krystal Bailey
29%
Orchid Emi Vanda
28%
Sunset Phaedra Westward
26%
Aquamarine Hali Capri
25%
Marigold Sheryl Meyers
24%
Sand Harper Dune
22%
Gold and Black Marisa Golding
20%
Cool colors Holly De'vious
18%
Pearl Margot de Pearla
18%
Warm colors Laurel De'vious
17%
Every color Avery Styles
12%
No matching quizzes found
Score Distribution
Percent of People with Each Score
Percentile by Number Answered
Your Score History
You have not taken this quiz since the last reset